Các phương pháp thiết kế lỗ hình trục cán : (Giáo trình cho sinh viên cơ khí và luyện kim) /

Cơ sở lý thuyết về thiết kế lỗ hình trục cán; Thiết kế lỗ hình trên các máy đảo chiều; Thiết kế lỗ hình trên máy cán ba trục; Thiết kế lỗ hình khi cán liên tục; Thiết kế lỗ hình cho cán thép góc; Thiết kế lỗ hình cán các loại dầm chữ I và chữ C; Thiết kế lỗ hình cán cho một số sản phẩm có tiết diện...

全面介紹

Đã lưu trong:
書目詳細資料
主要作者: Phan Văn Hạ, PGS.TS.
格式: 圖書
語言:Vietnamese
出版: Hà Nội : Khoa học và kỹ thuật, 2001.
版:In lần thứ nhất.
主題:
標簽: 添加標簽
沒有標簽, 成為第一個標記此記錄!
Thư viện lưu trữ: Mạng thư viện Đại học Đà Nẵng
LEADER 01662cam a2200373 a 4500
001 000044160
003 2416
005 20060324143301.0
008 010217b2001 vm 000 vie
020 |c 34000 
040 |a LRC  |c LRC  |d LRC 
041 0 |a vie 
082 1 4 |a 671.23  |b PH-H 
100 1 |a Phan Văn Hạ,  |c PGS.TS. 
245 1 4 |a Các phương pháp thiết kế lỗ hình trục cán :  |b (Giáo trình cho sinh viên cơ khí và luyện kim) /  |c Phan Văn Hạ. 
250 |a In lần thứ nhất. 
260 |a Hà Nội :  |b Khoa học và kỹ thuật,  |c 2001. 
300 |a 289 tr. :  |b mh. ;  |c 24 cm. 
520 3 |a Cơ sở lý thuyết về thiết kế lỗ hình trục cán; Thiết kế lỗ hình trên các máy đảo chiều; Thiết kế lỗ hình trên máy cán ba trục; Thiết kế lỗ hình khi cán liên tục; Thiết kế lỗ hình cho cán thép góc; Thiết kế lỗ hình cán các loại dầm chữ I và chữ C; Thiết kế lỗ hình cán cho một số sản phẩm có tiết diện đơn giản. 
630 0 4 |a Luyện kim. 
630 0 4 |a Trục cán. 
650 0 4 |a Lỗ hình  |x Trục cán  |x Thiết kế. 
OWN |a DUT 
AVA |a UDN50  |b DUT  |c Book  |d 671.23 PH-H  |e available  |t Error 5001 Not defined in file expand_doc_bib_avail.  |f 10  |g 0  |h N  |i 0  |j SH  |k 1 
999 |a From the UDN01 
AVA |a UDN50  |b DUT  |c Book  |d 671.23 PH-H  |e available  |t Error 5001 Not defined in file expand_doc_bib_avail.  |f 10  |g 0  |h N  |i 0  |j SH  |k 1 
TYP |a Monograph 
TYP |a Printed language 
980 |a Mạng thư viện Đại học Đà Nẵng